[Event "Mittelrhein Verbandsliga Nord 1920"]
[Site "Mittelrhein"]
[Date "2020.01.19"]
[Round "5.7"]
[White "Wiedermann, Lars"]
[Black "Beck, Adrian"]
[Result "0-1"]
[WhiteElo "1599"]
[BlackElo "1634"]
[PlyCount "64"]
[EventDate "2019.09.29"]
[EventType "team-tourn"]
[EventRounds "9"]
[EventCountry "GER"]
[SourceTitle "EXT 2023"]
[Source "ChessBase"]
[SourceDate "2022.10.05"]
[SourceVersion "1"]
[SourceVersionDate "2022.10.05"]
[SourceQuality "1"]
[WhiteTeam "Eikamp Freibauer"]
[BlackTeam "Monheim/Baumberg"]
[WhiteTeamCountry "GER"]
[BlackTeamCountry "GER"]

1. e4 e5 2. Nf3 Nc6 3. d4 exd4 4. Nxd4 Bc5 5. Be3 Qf6 6. c3 a6 7. Qd2 h6 8. Nxc6 Bxe3 9. Qxe3 Qxc6 10. Nd2 d6 11. Be2 Be6 12. Bf3 Ne7 13. 0-0 0-0 14. Nb3 Bxb3 15. axb3 Qb5 16. c4 Qe5 17. Qd2 Rfd8 18. Ra5 c5 19. Raa1 Nc6 20. Rfe1 Nd4 21. Bd1 b5 22. cxb5 axb5 23. Bf3 Rxa1 24. Rxa1 Nxb3 25. Qd1 Nxa1 26. Qxa1 Re8 27. h3 c4 28. Qa3 Qc5 29. Qa6 b4 30. Qa4 Rc8 31. Qd7 c3 32. Bh5 c2 0-1